000 00474nam a2200169Ia 4500
005 20250508153908.0
008 008 250505s9999 xx 000 0 ger d
037 _aBooks to be hide in OPAC
040 _aFEDL
_beng
_cFEDL
041 _ager
_2eng
084 _a373.43, BED/O
_qFEDL
245 0 _aBestimmungen fur die technischen hochschulen in deutschland
260 _c1904
300 _a319p
942 _cHB
_h373.43, BED/O
999 _c1346197
_d1346197